|
|
|
|
| LEADER |
00851nam a2200277 4500 |
| 001 |
DLU090067094 |
| 005 |
##20090422 |
| 040 |
# |
# |
|a DLU
|b eng
|
| 041 |
# |
# |
|a eng
|
| 044 |
# |
# |
|a UK
|
| 100 |
# |
# |
|a Huffner, Falk.
|
| 245 |
# |
# |
|a Techniques for practical fixed-parameter algorithms /
|c Falk Huffner, Rolf Niedermeier, Sebastian Wernicke.
|
| 653 |
# |
# |
|a Fixed-parameter tractability
|
| 653 |
# |
# |
|a Parameterized algorithms
|
| 700 |
# |
# |
|a Niedermeier, Rolf.
|
| 700 |
# |
# |
|a Wernicke, Sebastian.
|
| 773 |
# |
# |
|t The Computer Journal
|g Vol. 51, no. 1 (January 2008), p. 7-25
|
| 920 |
# |
# |
|a Phòng Tạp chí -- Trung tâm Thông tin - Thư viện Trường Đại học Đà Lạt
|
| 994 |
# |
# |
|a DLU
|
| 900 |
# |
# |
|a True
|
| 911 |
# |
# |
|a Trương Bảo Trâm Anh
|
| 925 |
# |
# |
|a G
|
| 926 |
# |
# |
|a A
|
| 927 |
# |
# |
|a BB
|
| 980 |
# |
# |
|a Thư viện Trường Đại học Đà Lạt
|